The Human Body : (Record no. 17378)
[ view plain ]
| 000 -LEADER | |
|---|---|
| fixed length control field | 00778nam a22002538a 4500 |
| 001 - CONTROL NUMBER | |
| control field | 016199859 |
| 003 - CONTROL NUMBER IDENTIFIER | |
| control field | Uk |
| 005 - DATE AND TIME OF LATEST TRANSACTION | |
| control field | 20130319152502.0 |
| 008 - FIXED-LENGTH DATA ELEMENTS--GENERAL INFORMATION | |
| fixed length control field | 121025s2013 paua 001 0 eng|d |
| 020 ## - INTERNATIONAL STANDARD BOOK NUMBER | |
| International Standard Book Number | 1609133447 |
| 020 ## - INTERNATIONAL STANDARD BOOK NUMBER | |
| International Standard Book Number | 9781609133443 |
| 082 04 - DEWEY DECIMAL CLASSIFICATION NUMBER | |
| Classification number | 612 |
| Edition number | 23 |
| Item number | WIN |
| 100 1# - MAIN ENTRY--PERSONAL NAME | |
| Personal name | Wingerd, Bruce D. |
| 9 (RLIN) | 32896 |
| 245 14 - TITLE STATEMENT | |
| Title | The Human Body : |
| Remainder of title | Concepts of Anatomy and Physiology / |
| Statement of responsibility, etc | Bruce Wingerd. |
| 250 ## - EDITION STATEMENT | |
| Edition statement | 3rd ed. |
| 260 ## - PUBLICATION, DISTRIBUTION, ETC. (IMPRINT) | |
| Place of publication, distribution, etc | Philadelphia, Pa. ; |
| -- | London : |
| Name of publisher, distributor, etc | Lippincott Williams & Wilkins, |
| Date of publication, distribution, etc | 2013. |
| 300 ## - PHYSICAL DESCRIPTION | |
| Extent | 1 v. : |
| Other physical details | ill. ; |
| Dimensions | 22 cm. |
| 500 ## - GENERAL NOTE | |
| General note | Previous ed.: San Diego, Calif.: University Readers, 2008. |
| 500 ## - GENERAL NOTE | |
| General note | Includes index. |
| 650 #0 - SUBJECT ADDED ENTRY--TOPICAL TERM | |
| Topical term or geographic name as entry element | Human anatomy. |
| 9 (RLIN) | 32897 |
| 650 #0 - SUBJECT ADDED ENTRY--TOPICAL TERM | |
| Topical term or geographic name as entry element | Human physiology. |
| 9 (RLIN) | 32898 |
| 653 ## - INDEX TERM--UNCONTROLLED | |
| Resource For college | |
| Arrived date list | March2013 |
| 942 ## - ADDED ENTRY ELEMENTS (KOHA) | |
| Source of classification or shelving scheme | Dewey Decimal Classification |
| Item type | Book - Borrowing |
| Withdrawn status | Item status | Source of classification or shelving scheme | Damaged status | Not for loan | Vendor | Home library | Current library | Shelving location | Date acquired | Source of acquisition | Total Checkouts | Total Renewals | Full call number | Barcode | Date last seen | Date last borrowed | Koha item type | Materials specified (bound volume or other part) |
|---|---|---|---|---|---|---|---|---|---|---|---|---|---|---|---|---|---|---|
| Dewey Decimal Classification | Baccah | Central Library | Central Library | First floor | 19/03/2013 | 6 | 64 | 612 WIN | 000028542 | 15/07/2025 | 29/09/2022 | Book - Borrowing | ||||||
| Lost | Dewey Decimal Classification | Baccah | Central Library | Central Library | First floor | 19/03/2013 | 5 | 43 | 612 WIN | 000028543 | 06/09/2017 | 22/02/2017 | Book - Borrowing | Lost In Inventory_2018-08-12 | ||||
| Dewey Decimal Classification | Baccah | Central Library | Central Library | First floor | 19/03/2013 | 10 | 62 | 612 WIN | 000028544 | 22/10/2025 | 09/11/2017 | Book - Borrowing |